000 00471nam a2200181Ia 4500
001 13776
003 GE_BSU
008 181216s||||||||xx |||||||||||||| ||und||
040 _cGE_BSU
080 _a821.111-1
245 _aSelected Poems Yevtushenko.
245 _cTranslated with an introduction by Robin Milner-Gulland and Peter Levi,S.J.
260 _bPenguin Books.
260 _c1964
300 _a92p;18cm.
653 _aSelected Poems Yevtushenko.
942 _cBK
999 _c46923
_d46923